000 00665nam a2200229Ia 4500
003 OSt
005 20220923220636.0
006 a|||||r|||| 00| 0
007 ta
008 220922b |||||||| |||| 00| 0 hin d
024 _a188,268
037 _cTextual
040 _aARTS
_cARTS
_bhin
041 _2hin
_ahin
082 _aV5:1.L5, 152H9.1
100 _aपाण्डेय, छविनाथ, अनु.
245 0 _aपश्चिमी यूरोप
246 _aPashchimī yūropa
260 _c1949
942 _hV5:1.L5, 152H9.1
_cTEXL
_2CC
999 _c341344
_d341344